| 000 | 01170nam a22001337a 4500 | ||
|---|---|---|---|
| 020 | _a978-0-00-744803-6 | ||
| 082 |
_a823 _bMAR/G |
||
| 245 | _aA GAME OF THRONE | ||
| 260 |
_aIRELAND _bHARPER COLLINS |
||
| 300 | _a801 | ||
| 520 | _aA Game of Thrones takes place over the course of one year on or near the fictional continent of Westeros. The story begins when King Robert visits the northern castle Winterfell to ask Ned Stark to be his right-hand assistant, or Hand of the King. The previous Hand, Jon Arryn, died under suspicious circumstances. Robert comes with his queen, Cersei Lannister, and his retinue, which includes a number of Lannisters. Just after the royal party arrives, Ned’s wife, Catelyn, receives a message claiming that the Lannister family was responsible for the death of the former Hand. She tells Ned, who accepts the position as Hand in order to protect Robert from the Lannisters. Ned’s son Bran then discovers Cersei Lannister and her brother Jaime Lannister having sex, and Jaime pushes Bran from a window to silence him. Everyone thinks Bran simply fell while climbing around the castle. | ||
| 650 |
_aENGLISH NOVEL _zIRELAND |
||
| 942 | _cBK | ||
| 999 |
_c7030 _d7030 |
||